000 00487nam a22001817a 4500
003 OSt
005 20140424093010.0
008 140424b xxu||||| |||| 00| 0 eng d
020 _a0440426545
050 _aPZ 7
_b.Ad26145Fo 1984
100 _aAdler, C. S. (Carole S.)
245 _aFootsteps on the stairs /
_cC.S. Adler.
260 _aNew York :
_bDell Publishing Co, Inc,
_c1984.
300 _a151 p. :
_c19 cm.
650 _aMystery Stories
942 _2lcc
_cBK
999 _c115474
_d115474